| 000 | 01272cam a22003135a 4500 | ||
|---|---|---|---|
| 003 | EG-ScBUE | ||
| 005 | 20220510132451.0 | ||
| 008 | 180828s1995 enka f b 000 0 eng d | ||
| 020 | _a0415119294 | ||
| 020 | _a9780415119290 | ||
| 040 |
_aEG-ScBUE _beng _erda _cEG-ScBUE _dEG-ScBUE |
||
| 082 | 0 | 4 |
_a428.007 _bCAR _222 |
| 100 | 1 |
_aCarter, Ronald, _eauthor. |
|
| 245 | 1 | 0 |
_aKeywords in language and literacy / _cRonald Carter. |
| 264 | 1 |
_aLondon ; _aNew York : _bRoutledge, _c1995. |
|
| 300 |
_axii, 172 pages ; _c21 cm |
||
| 336 |
_2rdacontent _atext _btxt |
||
| 337 |
_2rdamedia _aunmediated _bn |
||
| 338 |
_2rdacarrier _avolume _bnc |
||
| 504 | _aIncludes bibliographical references. | ||
| 520 | _aThe teaching and practice of language and literacy is a hotly contested subject. This A to Z guide to language and literacy unpicks the meaning of key terms like "proper English", "real books", "text" and "discourse", and the way in which such concepts are used and abused. | ||
| 650 | 7 |
_aEnglish language _xStudy and teaching _xDictionaries. _2BUEsh |
|
| 650 | 7 |
_aLanguage arts _xDictionaries. _2BUEsh |
|
| 650 | 7 |
_aLiteracy _xDictionaries. _2BUEsh |
|
| 651 | _2BUEsh | ||
| 653 |
_bHHUUEENN _cAugust2018 |
||
| 655 |
_vReading book _934232 |
||
| 942 |
_2ddc _cBB |
||
| 999 |
_c7498 _d7498 |
||